000 00662nam a2200217 4500
003 OSt
005 20240624003133.0
006 a
008 240624b |||||||| |||| 00| 0 eng d
020 _a9780495901136
040 _aDWCL-Main lib.
_cOC
082 _2Fifth edition
_aCirc. 808.51 H218e 2012
100 _aHamilton, Cheryl
245 _aEssentials of public speaking /
250 _aFifth edition
260 _aBoston :
_bWadsworth, Cengage Learning,
_cc2012.
300 _axxxv,
_b394 p. : ill. ;
_c26 cm.
504 _aIncludes bibliographical references & index.
650 _a1. Public speaking.
942 _2ddc
_n0
_cBK-CIRC
_eFifth edition
_kCirc.
999 _c1156
_d1156